000 00410nam a2200169Ia 4500
003 GCL
008 140319s9999 xx 000 0 eng d
040 _aGCL /
_cGCL
082 0 4 _a574.19
_bA F
100 1 _aLINDEN, G
245 1 0 _aFOOD BIOCHEMISTRY /
_cLINDEN, G
700 1 _aALAIS, C.
260 _a[S.N] :
_bELLIS HORWOOD ،
_c1991
300 _a222 P
650 0 4 _aFOOD BIOCHEMISTRY
942 _2ddc
_cBK
999 _c22978
_d22978